000 00769nam a2200169 i 4500
001 181368
003 ES-MaACL
005 20230906221337.0
008 121219s1881 sp |||| | spa d
110 2 _aAsociación de Escritores y Artistas Españoles.
_91585
245 1 0 _aMemoria de los actos y tareas de la Asociación Escritores y Artistas Españoles durante el año de 1880 /
_cpor Agustín de la Paz y Bueso.
260 _aMadrid :
_bAsociación de Escritores y Artistas Españoles,
_c1881 (
_fImp. y Fundición de Manuel Tello)
300 _a49, [6] p. ;
_c21 cm.
610 2 4 _aAsociación de Escritores y Artistas Españoles-
_vMemorias.
_9144968
700 1 _aPaz Bueso, Agustín de la.
_9130920
852 _aES-MaACL
_jT-351-F-17
_z- Enc. en un vol. facticio
999 _c181368
_d181368